000 03231cam a22004454i 4500
003 PE-LiUPU
005 20250731165417.0
008 151209s2010 pe grm 000 0 spa d
035 _a(Sirsi) a155451
040 _aPE-LiUPU
_bspa
_cPE-LiUPU
_erda
099 _aTE 3
_bE79 2010
100 1 _aEscobedo Ríos, Ana Rebeca,
_eautor
245 1 3 _aLa funcionalidad en los matrimonios adventistas de la Universidad Peruana Unión y su relación con la inteligencia emocional /
_cAna Rebeca Escobedo Rios.
264 0 _c2010.
300 _a151 hojas
_c30 cm
336 _atext
_2rdacontent
337 _aunmediated
_2rdamedia
338 _avolume
_2rdacarrier
502 _aTesis
_b(Mg.) --
_cUniversidad Peruana Unión,
_d2010.
504 _aIncluye referencias
520 3 _aLa presente investigación tiene como objetivo determinar la relación entre las variables inteligencia emocional y la funcionabilidad matrimonial de los cónyuges adventistas de la Universidad Peruana Unión. El cuestionario sobre el cual se trabajó se basa en el Modelo Mc Master (MMFF) propuesto y descrito por Epstein (1982) y el inventario de Cociente Emocional (ICE) Reuven Bar-on (2000). El cuestionario está constituido por diez dimensiones que constituyen cinco dimensiones por cada variable de estudio. En la variable inteligencia emocional se encuentra las dimensiones: aspecto intrapersonal del conyugue, aspecto interpersonal del cónyuge, adaptabilidad del cónyuge, manejo a la tensión del cónyuge y estado anímico del cónyuge. En la variable de funcionamiento matrimonial tenemos: comunicación conyugal, resolución de problemas conyugales, roles conyugales, afectividad conyugal y conducta conyugal. Se analizó la relación entre cada una de las dimensiones de una muestra de 60 parejas adventistas mediante correlación múltiple. Encontrándose que los matrimonios según las dimensiones aspecto intrapersonal del cónyuge, aspecto interpersonal del cónyuge, adaptabilidad del cónyuge, estado anímico constante del cónyuge existe una correlación positiva considerable que evidencia la asociación entre comunicación conyugal, resolución de problemas conyugales, roles conyugales, afectividad conyugal, conducta conyugal. Concluimos por lo tanto que el nivel de funcionalidad matrimonial si se relaciona considerablemente con la inteligencia emocional de los matrimonios adventistas de la Universidad Peruana Unión, excepto en la dimensión manejo a la tensión del cónyuge donde se encontró una correlación positiva moderada entre la asociación comunicación conyugal, resolución de problemas conyugales, roles conyugales, afectividad conyugal, conducta conyugal.
526 _aSEG44
526 _aSEG26
526 _aP151
526 _aP150
526 _aP149
526 _aP146
526 _aP145
526 _aP126
526 _aP125
526 _aP92
526 _aP75
526 _aP74
526 _aP27
526 _aP15
650 0 4 _aMatrimonio
_xInteligencia emocional.
596 _a1
942 _2ddc
_cTESIS
999 _aTE 3 E79 2010
_wALPHANUM
_c8130
_iT01152
_lCCODEBUL3
_mBUL
_r1
_sY
_tTESIS
_u2015-12-9
_xPOSGRADO
_PP54
_o.STAFF. Tesis
_d8130
980 _81
_gALBERTO SANCHEZ Responsable de Automatización